| Tag |
First Indicator |
Second Indicator |
Subfields |
| LEADER |
00000cam a2200000 a 4500 |
| 001 |
in00000086638 |
| 005 |
20151008064621.0 |
| 008 |
810128s1980 nyua b 10010 engm |
| 010 |
|
|
|a 80068231
|
| 020 |
|
|
|a 0874471338 (pbk.) :
|c $9.95
|
| 035 |
|
|
|a (OCoLC)06956503
|
| 035 |
|
|
|9 AAK4500AM
|
| 040 |
|
|
|a DLC
|c DLC
|d m.c.
|d TXA
|d UtOrBLW
|
| 043 |
|
|
|a n-us---
|
| 049 |
|
|
|a TXAM
|c [1804988]
|
| 050 |
0 |
0 |
|a LB2351.2
|b .C65 1979
|
| 082 |
0 |
|
|a 378/.1056/0973
|2 19
|
| 111 |
2 |
|
|a Colloquium on Marketing, Student Admissions, and the Public Interest
|d (1979 :
|c Racine, Wis.)
|
| 245 |
1 |
0 |
|a Marketing in college admissions, a broadening of perspectives :
|b papers presented at the Colloquium on Marketing, Student Admissions, and the Public Interest, November 7-9, 1979 at the Wingspread Conference Center, Racine, Wisconsin /
|c sponsored by the American Association of Collegiate Registrars and Admissions Officers, the College Board, the National Association of Admissions Counselors.
|
| 264 |
|
1 |
|a New York :
|b College Entrance Examination Board ;
|a Princeton, N.J. :
|b May be ordered from College Board Publication Orders,
|c 1980.
|
| 300 |
|
|
|a xi, 170 pages :
|b illustrations ;
|c 23 cm.
|
| 336 |
|
|
|a text
|b txt
|2 rdacontent
|
| 337 |
|
|
|a unmediated
|b n
|2 rdamedia
|
| 338 |
|
|
|a volume
|b nc
|2 rdacarrier
|
| 504 |
|
|
|a Includes bibliographical references.
|
| 650 |
|
0 |
|a Universities and colleges
|z United States
|x Admission.
|
| 650 |
|
0 |
|a Marketing.
|
| 710 |
2 |
|
|a American Association of Collegiate Registrars and Admissions Officers.
|
| 710 |
2 |
|
|a College Entrance Examination Board.
|
| 710 |
2 |
|
|a National Association of College Admissions Counselors.
|
| 999 |
|
|
|a MARS
|
| 999 |
f |
f |
|s 8c8f74f1-d325-35d9-aa51-994e815abc4c
|i db01e9d8-1f5e-3c4b-b1b2-f631504c795a
|t 0
|
| 952 |
f |
f |
|p normal
|a Texas A&M University
|b College Station
|c Sterling C. Evans Library
|d Evans: Library Stacks
|t 0
|e LB2351.2 .C65 1979
|h Library of Congress classification
|i unmediated -- volume
|m A14806161877
|
| 998 |
f |
f |
|a LB2351.2 .C65 1979
|t 0
|l Evans: Library Stacks
|